000 00565nam a22001817a 4500
005 20251108172057.0
008 250721s2002 xx 000 0 ara d
082 1 4 _a811.9565/قيس
100 1 _aالقيسي، محمد
_eمؤلف
245 1 0 _aكتاب الحصى و الماس :
_bقصائد /
264 1 _aدمشق :
_bمنشورات وزارة الثقافة،
_c2002.
300 _a231ص.
490 0 _aسلسلة من الشعر العربي
_v123
650 1 7 _aالشعر العربي
650 1 7 _aالأردن
942 _2ddc
_cBK
999 _c69861
_d69861